Hotel front office: (Record no. 16455)

MARC details
000 -LEADER
fixed length control field 00909nam a22002534a 4500
005 - DATE AND TIME OF LATEST TRANSACTION
control field 20061226150017.0
008 - FIXED-LENGTH DATA ELEMENTS--GENERAL INFORMATION
fixed length control field 051122s2007 njua b 001 0 eng
010 ## - LCCN (DPL NO)
LC control number ENG-91244
020 ## - INTERNATIONAL STANDARD BOOK NUMBER
International Standard Book Number 9780070655706
Terms of availability 175.00
035 ## - SYSTEM CONTROL NUMBER
System control number EN-74777
037 ## - SOURCE OF ACQUISITION
Source of stock number/acquisition DBAD / PUB
040 ## - CATALOGING SOURCE
Original cataloging agency dpl
Language of cataloging English
082 ## - DEWEY DECIMAL CLASSIFICATION NUMBER
Classification number 647.94068
100 ## - MAIN ENTRY--PERSONAL NAME
Personal name Andrews, Sudhir
245 ## - TITLE STATEMENT
Title Hotel front office:
Statement of responsibility, etc by Sudhir Andrews
Remainder of title a training manual /
250 ## - EDITION STATEMENT
Edition statement 2nd ed.
260 ## - PUBLICATION, DISTRIBUTION, ETC. (IMPRINT)
Place of publication, distribution, etc New Delhi
Name of publisher, distributor, etc Tata McGraw-Hill Publishing
Date of publication, distribution, etc 2009
300 ## - PHYSICAL DESCRIPTION
Extent xxviii, 380 p. :
Other physical details ill. ;
Dimensions 24cm (pbk)
500 ## - GENERAL NOTE
General note Includes glossary and figures
650 ## - SUBJECT ADDED ENTRY--TOPICAL TERM
Topical term or geographic name as entry element Hotel management.
650 ## - SUBJECT ADDED ENTRY--TOPICAL TERM
Topical term or geographic name as entry element Hotel front desk personnel
942 ## - ADDED ENTRY ELEMENTS (KOHA)
Source of classification or shelving scheme Dewey Decimal Classification
Item type English Books
Classification part 647.94068
Call number suffix AND
Holdings
Withdrawn status Lost status Source of classification or shelving scheme Damaged status Not for loan Collection code Home library Current library Date acquired Cost, normal purchase price Total Checkouts Full call number Barcode Date last seen Copy number Cost, replacement price Koha item type
    Dewey Decimal Classification   Not For Loan Non-fiction D.B.Act.Division D.B.Act.Division 10/10/2008 175.00   647.94068 AND EN-74777 10/10/2008 1 175.00 English Books

© Delhi Public Library
Hit Counter
free hit counter